Geography Next in Line #2 - Statistics

General Stats
  • This quiz has been taken 355 times
  • The average score is 16 of 24
Answer Stats
Hint Answer % Correct
Country whose capital is Kabul Afghanistan
97%
Largest country in Africa Algeria
94%
Country where Mozart was born Austria
92%
Country where Gandhi was born India
92%
Country bordering Denmark Germany
91%
Country that borders Greece and Montenegro Albania
90%
One of the countries that used to be part of Czechoslovakia Slovakia
90%
Country that contains part of Mt Everest along with Nepal China
86%
Country home to Montecarlo Monaco
84%
Landlocked country in Africa with a river of the same name Niger
78%
Smallest enclave in the world Vatican City
76%
Country whose capital is N'djamena Chad
75%
Country with the largest Christian population United States
73%
Tiny island country south of Malaysia Singapore
68%
Next country Andorra (Countries alphabetically)
62%
Next Country Indonesia (Most populous countries)
54%
Next Country Hungary (Countries going down the Danube)
52%
Next Country Nigeria (Countries bordering Lake Chad)
48%
Country with over 700 native languages Papua New Guinea
46%
Country whose capital is Malabo Equatorial Guinea
44%
Country with the largest city of Douala Cameroon
43%
Country that declared independence from France on October 2 1958 Guinea
28%
Next Country Guinea-Bissau (Countries containing Guinea)
26%
Next Country The Maldives (Most densely populated countries)
0%
No matching quizzes found
Score Distribution
Percent of People with Each Score
Percentile by Number Answered
Your Score History
You have not taken this quiz